| 000 | 00307nam a2200121Ia 4500 | ||
|---|---|---|---|
| 008 | 240731s9999 xx 000 0 und d | ||
| 022 | _a1949-8284 | ||
| 245 | 0 | _aJournal of Sustainable Real Estate | |
| 260 | _bRoutledge | ||
| 856 | _uhttps://www.tandfonline.com/loi/rsre20 | ||
| 942 | _2ddc | ||
| 942 | _cTFEJ | ||
| 999 |
_c78204 _d78204 |
||
| 945 |
_a1 _bMadushi Gamage _c1 _dMadushi Gamage |
||